000 00758nam a2200301 a 4500
005 20140412111305.0
008 001207s19uu xx 00 eng d
020 _a0-7214-1575-X
050 _aER
_bEn1 1993
100 _aHunia, Fran
245 _aEnormous turnip (The) /
_cby Fran Hunia; illustrated by John Dyke.
260 _aLeicestershire, UK :
_bLadybird Books Ltd,
_c1993.
300 _a1 v. (unp.) ; ill.
440 _aRead it yoursled, level 1
650 _aFolklore--Russia
650 _aChildren stories
999 _c103618
_d103618